000 00735nam a22002770a 4500
001 PT36377
003 AR-LpoUNG
005 20250227144004.0
008 191001s2009||||ag |||||||||||||||||spa d
020 _a9789870401421
_c$5.50
040 _aAR-LpoUNG
_bspa
_cAR-LpoUNG
_eaacr
041 0 _aspa
044 _aag
082 0 _a808.068 3 532ave
100 1 _aBerocay, Roy
245 1 4 _aLas aventuras del sapo Ruperto
250 _a2da. ed.
260 _aBuenos Aires :
_bAlfaguara,
_c2009.
300 _a118 p. :
_bil.
505 0 _aSugerido a partir de 8 años (etiqueta CELESTE)
650 4 _aCUENTOS
653 0 _aLITERATURA INFANTIL
700 1 _aSilva Lara, José Miguel
_eil.
905 _a36377
942 _cLIB
_2ddc
999 _c3030
_d3030